シルエットから路線名を当てる(関東) - Statistics

General Stats
  • This quiz has been taken 507 times
  • The average score is 11 of 20
Answer Stats
Picture Answer % Correct
JR中央本線
95%
都営大江戸線
93%
ゆりかもめ
90%
JR山手線
87%
JR鶴見線
70%
ユーカリが丘線
68%
東京メトロ丸ノ内線
67%
ディズニーリゾートライン
64%
JR武蔵野線
58%
JR東海道本線
53%
JR東北本線
52%
日暮里・舎人ライナー
45%
東武野田線
44%
小田急江ノ島線
42%
JR内房線
37%
西武新宿線
32%
JR横浜線
30%
JR成田線
28%
東京メトロ東西線
25%
JR総武本線
23%
No matching quizzes found
Score Distribution
Percent of People with Each Score
Percentile by Number Answered
Your Score History
You have not taken this quiz